[Event "CHI-ch sf qual A"]
[Site "Quilpue"]
[Date "2019.01.05"]
[Round "2.2"]
[White "Contreras Alarcon, Jose"]
[Black "Manriquez Casanova, Daniel"]
[Result "0-1"]
[WhiteElo "1598"]
[BlackElo "1424"]
[PlyCount "110"]
[EventDate "2019.01.05"]
[EventType "swiss"]
[EventRounds "5"]
[EventCountry "CHI"]
[SourceTitle "EXT 2024"]
[Source "ChessBase"]
[SourceDate "2023.10.10"]
[SourceVersion "1"]
[SourceVersionDate "2023.10.10"]
[SourceQuality "1"]

1. d4 d5 2. c4 e6 3. Nf3 Nf6 4. Bg5 Nbd7 5. e3 Be7 6. Nc3 c6 7. Be2 0-0 8. 0-0 Re8 9. cxd5 exd5 10. a3 Ne4 11. Bxe7 Qxe7 12. Qc2 Ndf6 13. Ne5 Nd7 14. Nxe4 dxe4 15. Qxe4 Nxe5 16. Qxe5 Qxe5 17. dxe5 Rxe5 18. Rfd1 Be6 19. Bf3 Kf8 20. b4 Ke7 21. Rac1 Bb3 22. Rd4 Rd8 23. Rxd8 Kxd8 24. Rc3 Ba4 25. Rd3+ Ke7 26. g3 Re6 27. Rd4 Rd6 28. Be4 Rxd4 29. exd4 h6 30. f4 Kd6 31. Kf2 b6 32. Ke3 c5 33. Kd3 cxb4 34. axb4 Bc6 35. Bxc6 Kxc6 36. Kc4 b5+ 37. Kc3 Kd5 38. Kd3 f5 39. Kc3 Ke4 40. h3 h5 41. h4 a6 42. d5 Kxd5 43. Kd3 g6 44. Kc3 Ke4 45. Kc2 Kf3 46. Kd3 Kxg3 47. Kd4 Kxf4 48. Kc5 Ke4 49. Kb6 f4 50. Kxa6 f3 51. Kxb5 f2 52. Kc6 f1Q 53. b5 Qc4+ 54. Kb6 Kd5 55. Ka5 Kc5 0-1

[Event "CHI-ch sf qual A"]
[Site "Quilpue"]
[Date "2019.01.05"]
[Round "3.3"]
[White "Manriquez Casanova, Daniel"]
[Black "Morales Marti, Antonio"]
[Result "1-0"]
[WhiteElo "1424"]
[BlackElo "1374"]
[PlyCount "87"]
[EventDate "2019.01.05"]
[EventType "swiss"]
[EventRounds "5"]
[EventCountry "CHI"]
[SourceTitle "EXT 2024"]
[Source "ChessBase"]
[SourceDate "2023.10.10"]
[SourceVersion "1"]
[SourceVersionDate "2023.10.10"]
[SourceQuality "1"]

1. d4 d5 2. c4 c6 3. cxd5 cxd5 4. Bf4 Nf6 5. Nc3 a6 6. e3 e6 7. Bd3 Nc6 8. Rc1 Bd6 9. Bxd6 Qxd6 10. f4 0-0 11. Nf3 h6 12. 0-0 b5 13. Ne5 Bb7 14. Qe2 Rac8 15. g4 Qe7 16. Rf3 Nxe5 17. fxe5 Ne4 18. Bxe4 dxe4 19. Rff1 f6 20. exf6 Rxf6 21. Rxf6 Qxf6 22. Qf2 Qf3 23. Qxf3 exf3 24. a3 a5 25. Na2 Rxc1+ 26. Nxc1 a4 27. Nd3 Kf7 28. Kf2 g5 29. Ne5+ Kf6 30. Nxf3 Be4 31. Ne5 Bd5 32. Ke1 Be4 33. Kd2 Bd5 34. Kc3 Bg2 35. Kb4 Bf1 36. Kc5 Ke7 37. e4 Be2 38. d5 exd5 39. exd5 Kf6 40. d6 Ke6 41. d7 Ke7 42. Kc6 Kd8 43. Kd6 Bxg4 44. Nf7# 1-0

[Event "CHI-ch sf qual A"]
[Site "Quilpue"]
[Date "2019.01.05"]
[Round "5.1"]
[White "Manriquez Casanova, Daniel"]
[Black "Ramirez Gomez, Martin"]
[Result "1/2-1/2"]
[WhiteElo "1424"]
[BlackElo "1531"]
[PlyCount "32"]
[EventDate "2019.01.05"]
[EventType "swiss"]
[EventRounds "5"]
[EventCountry "CHI"]
[SourceTitle "EXT 2024"]
[Source "ChessBase"]
[SourceDate "2023.10.10"]
[SourceVersion "1"]
[SourceVersionDate "2023.10.10"]
[SourceQuality "1"]

1. d4 Nf6 2. c4 g6 3. Nc3 Bg7 4. g3 d6 5. Bg2 0-0 6. e4 Nbd7 7. Nge2 e5 8. 0-0 a6 9. Qc2 Re8 10. dxe5 Nxe5 11. b3 Bd7 12. Bb2 Bc6 13. Nd4 Ned7 14. Nxc6 bxc6 15. Rad1 Rb8 16. Rfe1 Qc8 1/2-1/2